000 00269nam a2200097Ia 4500
001 1002919
005 20250826230439.0
008 250824s9999 xx 000 0 und d
245 0 _aKÜÇÜK VAMPİR BEKLENMEDİK GELİŞME
_cANGELA SOMMER
260 _bHEP KİTAP YAYINLARI
999 _c1002919
_d1002919